|
|
|
|
| LEADER |
00877nam a2200193 a 4500 |
| 001 |
00022244 |
| 008 |
110328s2010 bg 000 0 ben |
| 020 |
|
|
|a 9847013800514
|
| 040 |
|
|
|a BD-DhAAL
|c BD-DhAAL
|
| 082 |
0 |
0 |
|a 808.8
|2 22
|
| 100 |
1 |
|
|a চৌধুরী, সালেহা
|
| 245 |
1 |
0 |
|a ময়ূরীর মুখ /
|c সালেহা চৌধুরী
|
| 260 |
|
|
|a ঢাকা :
|b বিদ্যাপ্রকাশন,
|c ২০১০
|
| 300 |
|
|
|a ১৬০ পৃ. ;
|c ২২ সে.মি.
|
| 541 |
|
|
|e 00022244
|
| 650 |
|
0 |
|a Short stories
|
| 852 |
4 |
|
|a Ayesha Abed Library
|j General shelf
|
| 999 |
|
|
|c 10600
|d 10600
|
| 952 |
|
|
|0 0
|1 0
|2 ddc
|4 1
|6 808_800000000000000_CHO
|7 0
|9 15897
|a ENH
|b ENH
|d 2011-03-28
|l 1
|o 808.8 CHO
|p 3010022244
|r 2014-05-14
|s 2013-02-25
|t 1
|w 2011-03-28
|y BK
|x Departmental-issued damaged books were found in the ENH department for the reason of termites eaten in 2016
|